ਚੋਣਵੀਆਂ ਕਾਫੀਆਂ (Record no. 111094)

MARC details
000 -LEADER
fixed length control field 01016nam a22002417a 4500
005 - DATE AND TIME OF LATEST TRANSACTION
control field 20170123164201.0
010 ## - LIBRARY OF CONGRESS CONTROL NUMBER
LC control number A-824068
035 ## - SYSTEM CONTROL NUMBER
System control number B-824068
037 ## - SOURCE OF ACQUISITION
Source of stock number/acquisition Cen Lib / Ret
040 ## - CATALOGING SOURCE
Original cataloging agency DPL
Language of cataloging PN
082 ## - DEWEY DECIMAL CLASSIFICATION NUMBER
Classification number 851
Item number ਕੋਹਲੀ
100 ## - MAIN ENTRY--PERSONAL NAME
Personal name ਕੋਹਲੀ, ਸੁਰਿੰਦਰ ਸਿੰਘ ਕੋਹਲੀ
9 (RLIN) 133298
245 ## - TITLE STATEMENT
Title ਚੋਣਵੀਆਂ ਕਾਫੀਆਂ
Statement of responsibility, etc ਸੁਰਿੰਦਰ ਸਿੰਘ ਕੋਹਲੀ
Remainder of title ਇਨ ਪੰਜਾਬੀ /
246 ## - VARYING FORM OF TITLE
Title proper/short title Chonvian Kafian : in Punjabi /
Remainder of title by 2000
260 ## - PUBLICATION, DISTRIBUTION, ETC. (IMPRINT)
Place of publication, distribution, etc ਪੰਜਾਬ
Name of publisher, distributor, etc ਭਾਸ਼ਾ ਵਿਭਾਗ, ਪੰਜਾਬ
Date of publication, distribution, etc 2000
270 ## - ADDRESS
Address ਭਾਸ਼ਾ ਵਿਭਾਗ, ਪੰਜਾਬ
City ਦਿੱਲੀ
300 ## - PHYSICAL DESCRIPTION
Extent 303p.
Dimensions 22cm(Hb)
650 ## - SUBJECT ADDED ENTRY--TOPICAL TERM
Topical term or geographic name as entry element ਸਾਹਿਤ --ਪੰਜਾਬੀ
9 (RLIN) 133299
650 ## - SUBJECT ADDED ENTRY--TOPICAL TERM
Topical term or geographic name as entry element ਪੰਜਾਬੀ--- ਕਵਿਤਾਵਾਂ
9 (RLIN) 133300
650 ## - SUBJECT ADDED ENTRY--TOPICAL TERM
Topical term or geographic name as entry element Literature--Punjabi
9 (RLIN) 133301
650 ## - SUBJECT ADDED ENTRY--TOPICAL TERM
Topical term or geographic name as entry element Punjabi-- Poetry
9 (RLIN) 133302
942 ## - ADDED ENTRY ELEMENTS (KOHA)
Source of classification or shelving scheme Dewey Decimal Classification
Koha item type Punjabi Bks
Classification part 851
Call number suffix ਕੋਹਲੀ
Holdings
Withdrawn status Lost status Damaged status Not for loan Home library Current library Date acquired Source of acquisition Total Checkouts Full call number Barcode Date last seen Price effective from Koha item type
        Central Library Central Library 12/02/2016 Cen Lib/Ret   851 ਕੋਹਲੀ A-824068 12/02/2016 12/02/2016 Punjabi Bks

© Delhi Public Library
Hit Counter
free hit counter